Jungle Book - Trust in Me Lyrics - Statistics

General Stats
  • This quiz has been taken 31 times
  • The average score is 42 of 54
Answer Stats
Answer % Correct
I
100%
in
100%
in
100%
in
100%
in
100%
in
100%
in
100%
me
100%
me
100%
me
100%
me
100%
me
100%
me
100%
Trust
100%
trust
100%
Trust
100%
trust
100%
just
89%
just
89%
a
86%
You
86%
and
82%
and
82%
and
82%
and
82%
eyes
79%
eyes
79%
can
75%
sleep
75%
your
75%
your
75%
your
75%
Shut
71%
Shut
71%
safe
68%
am
64%
around
64%
on
64%
sound
64%
to
64%
Will
64%
Knowing
61%
silent
61%
slumber
61%
Slip
57%
cease
54%
resist
54%
senses
54%
Slowly
54%
surely
54%
into
50%
mist
50%
silver
50%
Sail
36%
No matching quizzes found
Score Distribution
Percent of People with Each Score
Percentile by Number Answered
Your Score History
You have not taken this quiz